The Forgotten Massacre : (Record no. 71211)

MARC details
000 -LEADER
fixed length control field 03859nam a22005415i 4500
005 - DATE AND TIME OF LATEST TRANSACTION
control field 20230718140413.0
006 - FIXED-LENGTH DATA ELEMENTS--ADDITIONAL MATERIAL CHARACTERISTICS
fixed length control field m|||||o||d||||||||
007 - PHYSICAL DESCRIPTION FIXED FIELD--GENERAL INFORMATION
fixed length control field cr || ||||||||
008 - FIXED-LENGTH DATA ELEMENTS--GENERAL INFORMATION
fixed length control field 221201t20212021gw fo d z eng d
020 ## - INTERNATIONAL STANDARD BOOK NUMBER
International Standard Book Number 9783110687552
040 ## - CATALOGING SOURCE
Original cataloging agency DE-B1597
Language of cataloging eng
Transcribing agency DE-B1597
Description conventions rda
041 0# - LANGUAGE CODE
Language code of text/sound track or separate title eng
100 1# - MAIN ENTRY--PERSONAL NAME
Personal name Pető, Andrea,
Relator term author.
Relator code aut
-- http://id.loc.gov/vocabulary/relators/aut
245 14 - TITLE STATEMENT
Title The Forgotten Massacre :
Remainder of title Budapest in 1944 /
Statement of responsibility, etc. Andrea Pető.
264 #1 - PRODUCTION, PUBLICATION, DISTRIBUTION, MANUFACTURE, AND COPYRIGHT NOTICE
Place of production, publication, distribution, manufacture München ;
-- Wien :
Name of producer, publisher, distributor, manufacturer De Gruyter Oldenbourg,
Date of production, publication, distribution, manufacture, or copyright notice [2021]
264 #4 - PRODUCTION, PUBLICATION, DISTRIBUTION, MANUFACTURE, AND COPYRIGHT NOTICE
Date of production, publication, distribution, manufacture, or copyright notice ©2021
300 ## - PHYSICAL DESCRIPTION
Extent 1 online resource (XI, 189 p.)
336 ## - CONTENT TYPE
Content type term text
Content type code txt
Source rdacontent
337 ## - MEDIA TYPE
Media type term computer
Media type code c
Source rdamedia
338 ## - CARRIER TYPE
Carrier type term online resource
Carrier type code cr
Source rdacarrier
347 ## - DIGITAL FILE CHARACTERISTICS
File type text file
Encoding format PDF
Source rda
505 00 - FORMATTED CONTENTS NOTE
Title Frontmatter --
-- Acknowledgements --
-- Contents --
-- List of Acronyms --
-- 1 Introduction --
-- 2 What makes Csengery 64 important? --
-- 3 The House --
-- 4 Piroska Dely in Budapest --
-- 5 Death and the Maiden --
-- 6 The Perpetrators --
-- 7 The Greed --
-- 8 Revenge and Forgiveness --
-- 9 The Survivors and the Surviving Memories --
-- 10 Conclusion --
-- References --
-- Archival Sources --
-- Appendix 1 The chronology of Piroska Dely's trial, its background and afterlife --
-- Appendix 2 The Chronology of the Szamocseta Case --
-- Appendix 3 The story of the Csengery Street massacre --
-- Appendix 4 Persilschein --
-- Appendix 5 Tenant registry --
-- Appendix 6 The text of the memory plaque --
-- Appendix 7 The victims of the Csengery Street massacre --
-- Appendix 8 Petition for the Csengery Street commemorative plaque --
-- Appendix 9 Interview with the son of Nándor Szamocseta --
-- Appendix 10 List of illustrations --
-- Index of Names --
-- Index of Subjects
506 0# - RESTRICTIONS ON ACCESS NOTE
Standardized terminology for access restriction unrestricted online access
Source of term star
520 ## - SUMMARY, ETC.
Summary, etc. The book discusses a formerly unknown and invisible massacre in Budapest in 1944, committed by a paramilitary group lead by a women. Andrea Pető uncovers the gripping history of the fi rst private Holocaust memorial erected in Budapest in 1945. Based on court trials, interviews with survivors, perpetrators, and investigators, the book illustrates the complexities of gendered memory of violence. It examines the dramatic events: massacre, deportation, robbery, homecoming, and fi ght for memorialization from the point of view of the perpetrators and the survivors. The book will change the ways we look at intimate killings during the Second World-War. Watch our talk with the editor Andrea Pető here: https://youtu.be/dV6JEcE2RFk
530 ## - ADDITIONAL PHYSICAL FORM AVAILABLE NOTE
Additional physical form available note Issued also in print.
538 ## - SYSTEM DETAILS NOTE
System details note Mode of access: Internet via World Wide Web.
540 ## - TERMS GOVERNING USE AND REPRODUCTION NOTE
Terms governing use and reproduction This eBook is made available Open Access under a CC BY-NC-ND 4.0 license:
Uniform Resource Identifier <a href="https://creativecommons.org/licenses/by-nc-nd/4.0 ">https://creativecommons.org/licenses/by-nc-nd/4.0 </a>
-- <a href="https://www.degruyter.com/dg/page/open-access-policy">https://www.degruyter.com/dg/page/open-access-policy</a>
546 ## - LANGUAGE NOTE
Language note In English.
588 0# - SOURCE OF DESCRIPTION NOTE
Source of description note Description based on online resource; title from PDF title page (publisher's Web site, viewed 01. Dez 2022)
650 #0 - SUBJECT ADDED ENTRY--TOPICAL TERM
Topical term or geographic name entry element Collective memory
Geographic subdivision Hungary
-- Budapest.
650 #0 - SUBJECT ADDED ENTRY--TOPICAL TERM
Topical term or geographic name entry element Holocaust, Jewish (1939-1945)
Geographic subdivision Hungary
-- Budapest.
650 #0 - SUBJECT ADDED ENTRY--TOPICAL TERM
Topical term or geographic name entry element Massacres
Geographic subdivision Hungary
-- Budapest
General subdivision Participation, Female.
650 #0 - SUBJECT ADDED ENTRY--TOPICAL TERM
Topical term or geographic name entry element Memory
General subdivision Social aspects.
650 #0 - SUBJECT ADDED ENTRY--TOPICAL TERM
Topical term or geographic name entry element World War, 1939-1945
General subdivision Atrocities
Geographic subdivision Hungary
-- Budapest.
650 #4 - SUBJECT ADDED ENTRY--TOPICAL TERM
Topical term or geographic name entry element 2. Weltkrieg.
650 #4 - SUBJECT ADDED ENTRY--TOPICAL TERM
Topical term or geographic name entry element Budapest.
650 #4 - SUBJECT ADDED ENTRY--TOPICAL TERM
Topical term or geographic name entry element Holocaust.
653 ## - INDEX TERM--UNCONTROLLED
Uncontrolled term Budapest.
653 ## - INDEX TERM--UNCONTROLLED
Uncontrolled term Holocaust.
653 ## - INDEX TERM--UNCONTROLLED
Uncontrolled term Shoah.
653 ## - INDEX TERM--UNCONTROLLED
Uncontrolled term World War II.
776 0# - ADDITIONAL PHYSICAL FORM ENTRY
Qualifying information EPUB
International Standard Book Number 9783110687590
776 0# - ADDITIONAL PHYSICAL FORM ENTRY
Qualifying information print
International Standard Book Number 9783110687484
856 40 - ELECTRONIC LOCATION AND ACCESS
Uniform Resource Identifier <a href="https://doi.org/10.1515/9783110687552">https://doi.org/10.1515/9783110687552</a>
Public note Open Access
-- 0
856 40 - ELECTRONIC LOCATION AND ACCESS
Uniform Resource Identifier <a href="https://www.degruyter.com/isbn/9783110687552">https://www.degruyter.com/isbn/9783110687552</a>
Public note Open Access
-- 0
856 42 - ELECTRONIC LOCATION AND ACCESS
Materials specified Cover
Uniform Resource Identifier <a href="https://www.degruyter.com/document/cover/isbn/9783110687552/original">https://www.degruyter.com/document/cover/isbn/9783110687552/original</a>
942 ## - ADDED ENTRY ELEMENTS (KOHA)
Koha item type E-Book
Holdings
Withdrawn status Damaged status Not for loan Home library Current library Date acquired Total Checkouts Date last seen Price effective from Koha item type
      De Gruyter De Gruyter 12/29/2022   12/29/2022 12/29/2022 E-Book

University of Rizal System
Email us at univlibservices@urs.edu.ph

Visit our Website www.urs.edu.ph/library